[Event "NOR-ch Class2"]
[Site "Sarpsborg"]
[Date "2018.07.13"]
[Round "8"]
[White "Grindbakken, Erik"]
[Black "Imhof, David"]
[Result "0-1"]
[WhiteElo "1626"]
[BlackElo "1759"]
[PlyCount "98"]
[EventDate "2018.07.07"]
[EventType "swiss"]
[EventRounds "9"]
[EventCountry "NOR"]
[SourceTitle "EXT 2024"]
[Source "ChessBase"]
[SourceDate "2023.10.10"]
[SourceVersion "1"]
[SourceVersionDate "2023.10.10"]
[SourceQuality "1"]

1. e4 e5 2. Nf3 Nf6 3. d3 Nc6 4. Be2 d5 5. Bg5 dxe4 6. Bxf6 Qxf6 7. dxe4 Bg4 8. 0-0 Rd8 9. Nbd2 Qd6 10. c3 Be7 11. Qc2 0-0 12. Rad1 Qc5 13. Nb3 Qb6 14. Rxd8 Rxd8 15. Rd1 Rxd1+ 16. Qxd1 Na5 17. Nxe5 Bxe2 18. Qd7 Qd6 19. Qe8+ Bf8 20. Qxf7+ Kh8 21. Nd4 c5 22. Nd7 Bc4 23. Qxf8+ Qxf8 24. Nxf8 cxd4 25. cxd4 Nc6 26. d5 Ne5 27. b3 Bb5 28. f4 Nd3 29. d6 Nc5 30. f5 Kg8 31. d7 Nxd7 32. Ne6 Bd3 33. Kf2 Bxe4 34. g4 Ne5 35. Nc5 Nd3+ 36. Nxd3 Bxd3 37. Ke3 Bb5 38. b4 Kf7 39. Kf4 Ke7 40. Ke5 h6 41. h4 Bc4 42. a3 Bb3 43. Kf4 Kd6 44. g5 hxg5+ 45. Kxg5 Ke7 46. h5 Kf7 47. b5 a6 48. b6 a5 49. Kf4 Kf6 0-1

[Event "Oslo op"]
[Site "Fornebu"]
[Date "2017.10.06"]
[Round "9"]
[White "Grindbakken, Erik"]
[Black "Lund, Gunnar"]
[Result "0-1"]
[WhiteElo "1675"]
[BlackElo "2244"]
[PlyCount "64"]
[EventDate "2017.09.29"]
[EventType "swiss"]
[EventRounds "10"]
[EventCountry "NOR"]
[SourceTitle "CBM 181 Extra"]
[Source "ChessBase"]
[SourceDate "2017.12.12"]
[SourceVersion "1"]
[SourceVersionDate "2017.12.12"]
[SourceQuality "1"]

1. e4 e5 2. Nf3 Nc6 3. Bb5 a6 4. Ba4 Nf6 5. 0-0 Be7 6. Re1 b5 7. Bb3 0-0 8. c3 d6 9. h3 Nb8 10. a4 Bb7 11. axb5 axb5 12. Rxa8 Bxa8 13. Bc2 Nbd7 14. Na3 Qb8 15. d4 Re8 16. d5 c6 17. dxc6 Bxc6 18. b4 Bf8 19. Nb1 Qb7 20. Nbd2 d5 21. exd5 Nxd5 22. Bb2 f6 23. Nf1 Nf4 24. Re3 Nb6 25. N1h2 Kh8 26. Qb1 Nc4 27. Re1 Nxh3+ 28. gxh3 Bxf3 29. Bxh7 Bh5 30. Qf5 Qf7 31. Ng4 Nxb2 32. Nxe5 Rxe5 0-1

[Event "Oslo op"]
[Site "Fornebu"]
[Date "2017.10.01"]
[Round "4"]
[White "Hobber, Anders"]
[Black "Grindbakken, Erik"]
[Result "1-0"]
[WhiteElo "2264"]
[BlackElo "1675"]
[PlyCount "45"]
[EventDate "2017.09.29"]
[EventType "swiss"]
[EventRounds "10"]
[EventCountry "NOR"]
[SourceTitle "CBM 181 Extra"]
[Source "ChessBase"]
[SourceDate "2017.12.12"]
[SourceVersion "1"]
[SourceVersionDate "2017.12.12"]
[SourceQuality "1"]

1. d4 c5 2. c3 Nf6 3. Nf3 e6 4. Bg5 cxd4 5. cxd4 d5 6. Nc3 Be7 7. e3 Nc6 8. Bd3 h6 9. Bh4 Bd7 10. 0-0 0-0 11. Rc1 Rc8 12. a3 Na5 13. Ne5 a6 14. Bb1 Ne8 15. Nxd7 Qxd7 16. Bxe7 Qxe7 17. Nxd5 exd5 18. Rxc8 Nc6 19. Qf3 Nf6 20. Rxf8+ Qxf8 21. Rc1 Qd6 22. Qf5 Ne7 23. Qe5 1-0

[Event "NOR-ch Class3"]
[Site "Stavanger"]
[Date "2017.07.08"]
[Round "9"]
[White "Endresen, Ola Torstein"]
[Black "Grindbakken, Erik"]
[Result "1/2-1/2"]
[WhiteElo "1422"]
[BlackElo "1426"]
[PlyCount "100"]
[EventDate "2017.07.01"]
[EventType "swiss"]
[EventRounds "9"]
[EventCountry "NOR"]
[SourceTitle "EXT 2024"]
[Source "ChessBase"]
[SourceDate "2023.10.10"]
[SourceVersion "1"]
[SourceVersionDate "2023.10.10"]
[SourceQuality "1"]

1. d4 c5 2. d5 Nf6 3. Nc3 e6 4. Bg5 Be7 5. d6 Bf8 6. e4 Qb6 7. Nb5 Na6 8. e5 Ng8 9. a4 h6 10. a5 Qc6 11. Bh4 Qe4+ 12. Be2 Qxh4 13. Nf3 Qd8 14. 0-0 g6 15. Nd2 Bg7 16. f4 h5 17. Ne4 Kf8 18. Bd3 Nh6 19. c3 Nf5 20. Rf2 b6 21. axb6 Qxb6 22. Qc2 Bb7 23. Qe2 Bxe4 24. Bxe4 Rd8 25. Nxa7 Nb8 26. Nb5 Nc6 27. Nc7 Na5 28. Na8 Rxa8 29. Bxa8 Kg8 30. Be4 Kh7 31. g4 hxg4 32. Qxg4 Kg8 33. Bxf5 exf5 34. Qg5 Nc6 35. Ra8+ Bf8 36. Qf6 Rh7 37. Rg2 c4+ 38. Kh1 Rg7 39. h4 Qe3 40. h5 Qh3+ 41. Kg1 Qxh5 42. Rh2 Qd1+ 43. Kg2 Qe2+ 44. Kg1 Qe3+ 45. Kg2 Qe2+ 46. Kg1 Qg4+ 47. Kh1 Qf3+ 48. Kg1 Qg3+ 49. Kh1 Qe1+ 50. Kg2 Qe2+ 1/2-1/2

[Event "Oslo Sveins op 10th"]
[Site "Oslo"]
[Date "2017.06.25"]
[Round "4"]
[White "Grindbakken, Erik"]
[Black "Vestby, Anniken"]
[Result "1-0"]
[WhiteElo "1624"]
[BlackElo "1336"]
[PlyCount "77"]
[EventDate "2017.06.23"]
[EventType "swiss"]
[EventRounds "9"]
[EventCountry "NOR"]
[SourceTitle "CBM 179 Extra"]
[Source "ChessBase"]
[SourceDate "2017.08.23"]
[SourceVersion "1"]
[SourceVersionDate "2017.08.23"]
[SourceQuality "1"]

1. c4 f5 2. g3 Nf6 3. Bg2 e6 4. Nc3 c6 5. e4 fxe4 6. Nxe4 d5 7. cxd5 exd5 8. Nxf6+ Qxf6 9. Qf3 Qxf3 10. Nxf3 Bd6 11. d4 Nd7 12. 0-0 0-0 13. Re1 b6 14. Re6 Rf6 15. Re2 Ba6 16. Re3 c5 17. Bd2 cxd4 18. Nxd4 Bc5 19. Bxd5+ Kf8 20. Ne6+ Rxe6 21. Rxe6 Rd8 22. Bg5 Nf6 23. Bb3 Rc8 24. Bxf6 gxf6 25. Rxf6+ Kg7 26. Rf7+ Kh6 27. Re1 Rc6 28. Rxa7 Bc8 29. Bg8 Bf5 30. Bd5 Rd6 31. Be4 Bg4 32. Rxh7+ Kg5 33. h4+ Kf6 34. Rh6+ Kg7 35. Rxd6 Bxd6 36. f3 Bxg3 37. Re2 Bh3 38. a4 Bxh4 39. Rh2 1-0

[Event "Fagernes TV2 Elo op"]
[Site "Fagernes"]
[Date "2017.04.15"]
[Round "8"]
[White "Grindbakken, Erik"]
[Black "Hina, Ariza"]
[Result "1-0"]
[WhiteElo "1644"]
[BlackElo "1525"]
[PlyCount "55"]
[EventDate "2017.04.09"]
[EventType "swiss"]
[EventRounds "9"]
[EventCountry "NOR"]
[SourceTitle "CBM 177 Extra"]
[Source "ChessBase"]
[SourceDate "2017.04.27"]
[SourceVersion "1"]
[SourceVersionDate "2017.04.27"]
[SourceQuality "1"]

1. f4 d5 2. Nf3 Nf6 3. b3 Nc6 4. e3 Bf5 5. Bb5 a6 6. Bxc6+ bxc6 7. 0-0 e6 8. d3 Bd6 9. Bb2 0-0 10. Qe1 Bg6 11. Ne5 c5 12. Nxg6 fxg6 13. Nd2 Nd7 14. Rf3 e5 15. Qf2 exf4 16. exf4 g5 17. g3 g4 18. Re3 g5 19. Qe2 d4 20. Re6 gxf4 21. gxf4 Bxf4 22. Ne4 Kh8 23. Rf1 Nb6 24. Nxc5 Be3+ 25. Qxe3 Rxf1+ 26. Kxf1 Qf8+ 27. Qf2 Qxc5 28. Bxd4+ 1-0

[Event "Fagernes TV2 Elo op"]
[Site "Fagernes"]
[Date "2017.04.11"]
[Round "3"]
[White "Tocklin, Tomi"]
[Black "Grindbakken, Erik"]
[Result "1-0"]
[WhiteElo "1812"]
[BlackElo "1644"]
[PlyCount "81"]
[EventDate "2017.04.09"]
[EventType "swiss"]
[EventRounds "9"]
[EventCountry "NOR"]
[SourceTitle "CBM 177 Extra"]
[Source "ChessBase"]
[SourceDate "2017.04.27"]
[SourceVersion "1"]
[SourceVersionDate "2017.04.27"]
[SourceQuality "1"]

1. e4 e6 2. d4 d5 3. exd5 exd5 4. Bf4 Bd6 5. Bxd6 Qxd6 6. Nf3 Nf6 7. c3 Qb6 8. Qc2 0-0 9. Nbd2 Re8+ 10. Be2 Bg4 11. Nf1 Bxf3 12. gxf3 Nbd7 13. Ne3 c5 14. dxc5 Nxc5 15. 0-0-0 Rad8 16. Rd4 Ne6 17. Rb4 Qc7 18. Bb5 Rf8 19. Nf5 d4 20. Nxd4 Qf4+ 21. Qd2 Qxd2+ 22. Kxd2 a6 23. Bd3 Nxd4 24. Rxd4 Rxd4 25. cxd4 Rd8 26. Rc1 g6 27. Rc4 Rd6 28. Be4 b5 29. Rc8+ Kg7 30. Ke3 Nd7 31. Rc6 Rxc6 32. Bxc6 Nb6 33. b3 f5 34. d5 Kf6 35. Kd4 Ke7 36. Kc5 Nd7+ 37. Bxd7 Kxd7 38. Kb6 Kd6 39. Kxa6 b4 40. Kb5 Kxd5 41. Kxb4 1-0

[Event "Stjernen CC-ch A"]
[Site "Oslo"]
[Date "2017.02.28"]
[Round "3"]
[White "Johansen, Aleksander"]
[Black "Grindbakken, Erik"]
[Result "0-1"]
[WhiteElo "1555"]
[BlackElo "1635"]
[PlyCount "114"]
[EventDate "2017.02.07"]
[EventType "swiss"]
[EventRounds "9"]
[EventCountry "NOR"]
[SourceTitle "EXT 2024"]
[Source "ChessBase"]
[SourceDate "2023.10.10"]
[SourceVersion "1"]
[SourceVersionDate "2023.10.10"]
[SourceQuality "1"]

1. d4 Nf6 2. Bf4 e6 3. e3 c5 4. c3 cxd4 5. cxd4 Bb4+ 6. Nc3 Nd5 7. Nge2 Nxf4 8. Nxf4 0-0 9. Bd3 d5 10. 0-0 Nd7 11. Rc1 a6 12. Qa4 Bd6 13. Rfe1 Nf6 14. Bb1 Bxf4 15. exf4 Qd6 16. Ne2 Bd7 17. Qc2 Rac8 18. Qd3 Bb5 19. Qe3 Rfe8 20. Rxc8 Rxc8 21. Rc1 Rxc1+ 22. Nxc1 Qb4 23. Qc3 Qxc3 24. bxc3 Ne4 25. Bxe4 dxe4 26. Nb3 b6 27. Nd2 Bd3 28. g4 g6 29. Nf1 Kf8 30. g5 f5 31. gxf6 Kf7 32. f3 Kxf6 33. fxe4 Bxe4 34. Ne3 g5 35. fxg5+ Kxg5 36. Nc4 b5 37. Nd6 Kf4 38. Kf2 Bd5 39. a3 h5 40. Nf7 Kf5 41. Ke3 Kg4 42. Nd8 Kh3 43. Kf4 Kxh2 44. Kg5 Kg3 45. Kxh5 Kf4 46. Nf7 Ke3 47. Kg5 Kd3 48. Kf4 Kxc3 49. Ke5 a5 50. Nd6 Bc4 51. d5 exd5 52. Nxb5+ Bxb5 53. Kxd5 a4 54. Ke5 Kb3 55. Kd4 Bc4 56. Kc5 Kxa3 57. Kxc4 Kb2 0-1

[Event "Stjernen CC-ch A"]
[Site "Oslo"]
[Date "2017.02.07"]
[Round "1"]
[White "Aavik, Jakob"]
[Black "Grindbakken, Erik"]
[Result "1-0"]
[WhiteElo "1810"]
[BlackElo "1635"]
[PlyCount "65"]
[EventDate "2017.02.07"]
[EventType "swiss"]
[EventRounds "9"]
[EventCountry "NOR"]
[SourceTitle "EXT 2024"]
[Source "ChessBase"]
[SourceDate "2023.10.10"]
[SourceVersion "1"]
[SourceVersionDate "2023.10.10"]
[SourceQuality "1"]

1. e4 c6 2. d4 d5 3. e5 c5 4. dxc5 Nc6 5. Bb5 e6 6. Be3 Bd7 7. Bxc6 Bxc6 8. Nf3 Ne7 9. 0-0 Nf5 10. Bd4 Nxd4 11. Qxd4 Qc7 12. b4 a5 13. c3 Be7 14. Nbd2 axb4 15. cxb4 Ra4 16. Rfe1 0-0 17. Qb2 b6 18. b5 bxc5 19. bxc6 Rb8 20. Qc2 Qxc6 21. Reb1 Rba8 22. Rb2 c4 23. Rab1 Bf8 24. Nd4 Qc8 25. N2f3 c3 26. Rb3 Rxa2 27. Qxc3 Qe8 28. Qc6 Qe7 29. Rb7 Ra1 30. h3 Rxb1+ 31. Rxb1 Qa3 32. Rb7 Re8 33. Qxe8 1-0

[Event "Konnerud Grand Prix NGP"]
[Site "Konnerud"]
[Date "2016.12.10"]
[Round "3"]
[White "Christiansen, Johan Sebastian"]
[Black "Grindbakken, Erik"]
[Result "1-0"]
[WhiteElo "2429"]
[BlackElo "1644"]
[PlyCount "95"]
[EventDate "2016.12.10"]
[EventType "swiss"]
[EventRounds "5"]
[EventCountry "NOR"]
[SourceTitle "EXT 2024"]
[Source "ChessBase"]
[SourceDate "2023.10.10"]
[SourceVersion "1"]
[SourceVersionDate "2023.10.10"]
[SourceQuality "1"]

1. c4 c5 2. g3 Nf6 3. Bg2 Nc6 4. Nc3 g6 5. d3 Bg7 6. Bf4 d6 7. Qd2 Bd7 8. Bh6 0-0 9. h4 Rb8 10. h5 Nd4 11. hxg6 fxg6 12. Nd5 Rf7 13. Bxg7 Rxg7 14. Nf3 Nxd5 15. Nxd4 Nf6 16. Nf3 b5 17. 0-0 bxc4 18. dxc4 Bc6 19. b3 a5 20. Rab1 Qd7 21. Qxa5 Ne4 22. Qe1 Qg4 23. b4 h5 24. bxc5 Rxb1 25. Qxb1 Nxc5 26. Qb8+ Kh7 27. Rd1 Bxf3 28. Bxf3 Qxc4 29. a3 h4 30. Kg2 g5 31. Qe8 Qf7 32. Qc8 Rg8 33. Qg4 Qf6 34. Rd5 Rg6 35. Rf5 Qg7 36. Rd5 Qf6 37. a4 Kg7 38. Rf5 Qa1 39. Rxg5 Rxg5 40. Qxg5+ Kf8 41. Qxh4 Qxa4 42. Qh1 Qa3 43. Qh8+ Kf7 44. Bh5+ Ke6 45. Qg8+ Ke5 46. Qg7+ Kf5 47. Qf7+ Ke5 48. Qxe7+ 1-0

[Event "Oslo op"]
[Site "Fornebu"]
[Date "2016.09.30"]
[Round "2"]
[White "Landsverk, Ida"]
[Black "Grindbakken, Erik"]
[Result "1/2-1/2"]
[WhiteElo "1431"]
[BlackElo "1691"]
[PlyCount "94"]
[EventDate "2016.09.30"]
[EventType "swiss"]
[EventRounds "9"]
[EventCountry "NOR"]
[SourceTitle "EXT 2018"]
[Source "ChessBase"]
[SourceDate "2017.10.13"]
[SourceVersion "1"]
[SourceVersionDate "2017.10.13"]
[SourceQuality "1"]

1. e4 c6 2. Nf3 d5 3. Nc3 e6 4. d4 Nf6 5. Bd3 Be7 6. e5 Nfd7 7. 0-0 h6 8. Ne2 c5 9. c3 Nc6 10. Be3 b6 11. Ng3 a5 12. Qd2 Ba6 13. Bxa6 Rxa6 14. Nh5 Kf8 15. h3 Ra7 16. Nh2 f6 17. exf6 Nxf6 18. Nf4 Kf7 19. Qd3 Ne4 20. f3 g5 21. fxe4 gxf4 22. Rxf4+ Ke8 23. e5 Kd7 24. Ng4 Kc8 25. Raf1 Bg5 26. R4f3 Bxe3+ 27. Qxe3 Qg5 28. Qxg5 hxg5 29. Rf8+ Rxf8 30. Rxf8+ Kb7 31. dxc5 bxc5 32. Re8 Kb6 33. Rxe6 Rg7 34. Kf2 Kb5 35. b3 d4 36. cxd4 cxd4 37. Ke2 Kc5 38. a3 Rb7 39. Rg6 Rxb3 40. Rxg5 Rxa3 41. Nf2 Re3+ 42. Kd2 Kc4 43. e6 a4 44. e7 Rxe7 45. Nd3 a3 46. Rc5+ Kb3 47. Rxc6 Ra7 1/2-1/2

[Event "Oslo Kampen Autumn op"]
[Site "Oslo"]
[Date "2016.09.19"]
[Round "3"]
[White "Grindbakken, Erik"]
[Black "Barrientos, Carlos"]
[Result "1-0"]
[WhiteElo "1580"]
[BlackElo "1241"]
[PlyCount "43"]
[EventDate "2016.08.22"]
[EventType "swiss"]
[EventRounds "7"]
[EventCountry "NOR"]
[SourceTitle "EXT 2024"]
[Source "ChessBase"]
[SourceDate "2023.10.10"]
[SourceVersion "1"]
[SourceVersionDate "2023.10.10"]
[SourceQuality "1"]

1. c4 e5 2. Nc3 d6 3. g3 Be6 4. Bg2 c6 5. b3 Nd7 6. Nf3 Be7 7. d4 exd4 8. Nxd4 Bf6 9. 0-0 Ne7 10. Ne4 Nc8 11. Nxe6 fxe6 12. Rb1 d5 13. Nxf6+ gxf6 14. cxd5 exd5 15. e4 Ne7 16. exd5 cxd5 17. Qh5+ Ng6 18. Qxd5 Kf8 19. Bh6+ Ke8 20. Rfe1+ Nde5 21. Qxb7 Rb8 22. Bc6+ 1-0

[Event "Barcelona Sant Marti op-B 18th"]
[Site "Barcelona"]
[Date "2016.07.13"]
[Round "1.20"]
[White "Garcia Ruiz, Adrian"]
[Black "Grindbakken, Erik"]
[Result "1-0"]
[WhiteElo "1884"]
[BlackElo "1610"]
[PlyCount "83"]
[EventDate "2016.07.13"]
[EventType "swiss"]
[EventRounds "9"]
[EventCountry "ESP"]
[SourceTitle "EXT 2024"]
[Source "ChessBase"]
[SourceDate "2023.10.10"]
[SourceVersion "1"]
[SourceVersionDate "2023.10.10"]
[SourceQuality "1"]

1. e4 c6 2. Nc3 d5 3. Nf3 h6 4. h3 dxe4 5. Nxe4 Bf5 6. Ng3 Bh7 7. Bc4 Nf6 8. 0-0 e6 9. Re1 Nbd7 10. d4 Bd6 11. Ne5 Bxe5 12. dxe5 Nd5 13. Qg4 Bg6 14. c3 Qc7 15. Qe2 N5b6 16. Bb3 Nc5 17. Bd1 Nd3 18. Rf1 Qxe5 19. Qg4 Nxc1 20. Rxc1 0-0 21. Bb3 Rfd8 22. Rfe1 Qf6 23. Bxe6 Rd2 24. Bf5 Rxb2 25. h4 h5 26. Qe4 Rxa2 27. Qb1 Rd2 28. Ne4 Qxf5 29. Nxd2 Qf4 30. Qa2 Qxh4 31. Nf3 Qf6 32. Ne5 Bf5 33. Rcd1 Nd5 34. Qb3 Re8 35. Qxb7 Rxe5 36. Qb8+ Kh7 37. Rxe5 Nxc3 38. Rde1 Be4 39. Rxh5+ Kg6 40. Rh3 Qd4 41. Qg3+ Kf6 42. Qxc3 1-0

[Event "Oslo Stjernens op"]
[Site "Oslo"]
[Date "2015.11.07"]
[Round "3"]
[White "Grindbakken, Erik"]
[Black "Mollenhoff, Christoffer"]
[Result "0-1"]
[WhiteElo "1301"]
[BlackElo "1006"]
[PlyCount "68"]
[EventDate "2015.11.06"]
[EventType "swiss"]
[EventRounds "5"]
[EventCountry "NOR"]
[SourceTitle "CBM 169 Extra"]
[Source "ChessBase"]
[SourceDate "2015.12.18"]
[SourceVersion "1"]
[SourceVersionDate "2015.12.18"]
[SourceQuality "1"]

1. c4 e5 2. Nc3 Nf6 3. Nf3 Nc6 4. g3 Bc5 5. Nxe5 Qe7 6. Nd3 Bb6 7. Bg2 0-0 8. 0-0 Re8 9. e3 Ne5 10. Nxe5 Qxe5 11. d4 Qe7 12. Bd2 d6 13. a4 c6 14. b4 Bg4 15. Qc2 Qe6 16. c5 dxc5 17. bxc5 Bc7 18. a5 Bh3 19. Ne2 Bxg2 20. Kxg2 Qd5+ 21. Kg1 Qf3 22. a6 Ne4 23. axb7 Ng5 24. h4 Nh3+ 25. Kh2 Rab8 26. Ng1 Nxg1 27. Kxg1 Rxb7 28. Qd1 Qe4 29. Ra6 Re6 30. Qa4 Bb8 31. Ra1 Rf6 32. f4 Qf3 33. Be1 Rb2 34. Ra2 Qg2# 0-1

[Event "Fagernes Norsk op-B"]
[Site "Fagernes"]
[Date "2015.03.29"]
[Round "8"]
[White "Berg Olsen, Sebastian N"]
[Black "Grindbakken, Erik"]
[Result "1/2-1/2"]
[WhiteElo "1342"]
[BlackElo "1546"]
[PlyCount "62"]
[EventDate "2015.03.29"]
[EventType "swiss"]
[EventRounds "9"]
[EventCountry "NOR"]
[SourceTitle "EXT 2016"]
[Source "ChessBase"]
[SourceDate "2015.10.08"]
[SourceVersion "1"]
[SourceVersionDate "2015.10.08"]
[SourceQuality "1"]

1. d4 c6 2. e4 d5 3. Nc3 h6 4. h4 dxe4 5. Nxe4 Bf5 6. Ng3 Bh7 7. Nf3 e6 8. Bd3 Bxd3 9. Qxd3 Nd7 10. Bf4 Ngf6 11. Qb3 Nd5 12. Bd2 Qc7 13. c4 N5f6 14. c5 Nd5 15. 0-0 Be7 16. Qd3 0-0 17. b4 b5 18. a3 a6 19. Rfe1 Ra7 20. Ne5 Rfa8 21. h5 N7f6 22. Qf3 Bd8 23. Ne4 Nxe4 24. Qxe4 Rc8 25. Qg4 Nf6 26. Qf3 Qb7 27. Red1 a5 28. bxa5 Bxa5 29. Bxh6 Kh7 30. Bd2 Bxd2 31. Rxd2 Nd5 1/2-1/2

[Event "Fagernes Norsk op-B"]
[Site "Fagernes"]
[Date "2015.03.29"]
[Round "5"]
[White "Grindbakken, Erik"]
[Black "Gaure, Sigurd Lauvas"]
[Result "0-1"]
[WhiteElo "1546"]
[BlackElo "1370"]
[PlyCount "94"]
[EventDate "2015.03.29"]
[EventType "swiss"]
[EventRounds "9"]
[EventCountry "NOR"]
[SourceTitle "EXT 2016"]
[Source "ChessBase"]
[SourceDate "2015.10.08"]
[SourceVersion "1"]
[SourceVersionDate "2015.10.08"]
[SourceQuality "1"]

1. c4 Nf6 2. d4 e6 3. Nc3 Bb4 4. Nf3 0-0 5. Bd2 Bxc3 6. Bxc3 d5 7. e3 c6 8. c5 Re8 9. Bd3 Nbd7 10. b4 Ne4 11. Qc2 Nxc3 12. Qxc3 g6 13. h4 f6 14. Qc2 Nf8 15. a4 e5 16. dxe5 fxe5 17. Be2 e4 18. Nd4 Ne6 19. Nxe6 Bxe6 20. Qb2 Qd7 21. b5 Qg7 22. Qxg7+ Kxg7 23. Rd1 Red8 24. Rd4 h5 25. Kd2 Bg4 26. Bxg4 hxg4 27. Kc3 a5 28. b6 Rf8 29. Rd2 Rf5 30. g3 Raf8 31. Rh2 g5 32. hxg5 Rxg5 33. Rd1 Rgf5 34. Rf1 Kg6 35. Rfh1 R8f7 36. Rh6+ Kg7 37. Rh7+ Kg6 38. R1h6+ Kg5 39. Rxf7 Rxf7 40. Rh8 Rxf2 41. Rh7 Rf3 42. Rxb7 Rxe3+ 43. Kd4 Rxg3 44. Rg7+ Kf6 45. Rg6+ Kxg6 46. Ke5 Rb3 47. Kd6 g3 0-1